Elégies antillaises

Gespeichert in:
Bibliographische Detailangaben
1. Verfasser: Guillén, Nicolas
Format: Buch
Sprache:Undetermined
Veröffentlicht: París, Francia Pierre Seghers 1955
Schlagworte:
Tags: Tag hinzufügen
Keine Tags, Fügen Sie den ersten Tag hinzu!

MARC

LEADER 00000nam a2200000Ia 4500
008 170316s9999 xx 000 0 und d
040 |a cru BVZT 
090 |a 860 G-36e 
100 |a Guillén, Nicolas 
245 |a Elégies antillaises 
260 |a París, Francia 
260 |b Pierre Seghers 
260 |c 1955 
300 |a 93 páginas 
650 |a LITERATURA LATINOAMERICANA 
999 |c 8770  |d 8770 
942 |c 15 D  |h 860 G-36e  |2 z